00769nam a2200157 a 4500020002700000020003000027082001500057100002200072245004300094260003800137300001300175520030300188650002600491700002400517856007000541 a0801674891 (hardcover) a9780801674891 (hardcover) a610.28 SCH1 aSchoeff, Larry E.10aPrinciples of laboratory instruments / a[S.l.] :bMosby-Year Book,c1993. a496 p. ; aIntended for clinical laboratory personnel, pathologists, biochemists and cytologists, this basic textbook covers the use of instruments in the clinical laboratory. The concepts of electricity and electronic components and principles of instrumentation and automation in the laboratory are covered. alaboratory instrument1 aWilliams, Robert H.40uhttp://www.amazon.com/exec/obidos/ASIN/0801674891/chopaconline-20